| 000 | 00494nam a22001937a 4500 | ||
|---|---|---|---|
| 003 | MPLRDC | ||
| 005 | 20220104143725.0 | ||
| 008 | 210129b ||||| |||| 00| 0 eng d | ||
| 020 | _a957-8496-57-5 | ||
| 082 | _a494 CAN | ||
| 100 | _aCANFIELD, MILLER 著; 吴玫瑛, 吴杰民 译 | ||
| 245 |
_a心灵咖啡: 建立自尊的工作心 _c |
||
| 250 | _a第一版 | ||
| 260 |
_a _bMcGraw-Hill _c1997 |
||
| 300 | _b平 | ||
| 490 | _a书声系列丛: 5 | ||
| 650 | _a | ||
| 942 |
_cBK _o494 CAN |
||
| 999 |
_c42709 _d42699 |
||